| 000 | 00939nam a22001935i 4500 | ||
|---|---|---|---|
| 001 | 163943 | ||
| 003 | ES-MaACL | ||
| 005 | 20260127062552.0 | ||
| 008 | 990219s1883 sp |||| | spa d | ||
| 040 |
_aCCPB | B _bspa _cCCPB | B |
||
| 100 | 1 |
_aRomero Robledo, Francisco, _d1838-1906 _999432 |
|
| 245 | 1 | 0 | _aDiscurso leido por el Excmo. Sr. D. Francisco Romero y Robledo, Presidente de la Real Academia de Jurisprudencia y Legislación en la sesión inagural del curso de 1883 á 1884 celebrada en 25 de noviembre de 1883. |
| 260 |
_aMadrid : _b[s.n.], _c1883 ( _fImp. del Ministerio de Gracia y Justicia) |
||
| 300 |
_a45 p. ; _c24 cm. |
||
| 700 |
_aReal Academia de Jurisprudencia y Legislación de España _9217612 |
||
| 852 |
_aES-MaACL _jL-4909(16-8) _z-- Enc. hol. conservando la cub. original _z-- Donativo Roda |
||
| 852 |
_aES-MaACL _jT-377-F-24 _z-- Enc. hol. _z-- Enc. en un vol. facticio |
||
| 999 |
_c163943 _d163943 |
||